| 000 | 00814nam a22001817a 4500 | ||
|---|---|---|---|
| 008 | 160518b xxu||||| |||| 00| 0 eng d | ||
| 020 | _a9977966060 | ||
| 020 | _a9789977966069 | ||
| 082 |
_a759.972.86 _bH565co |
||
| 100 |
_aFabio Herrera; Ulrich Pegels _94975 |
||
| 245 |
_aFabio Herrera : cosecha _bpinturas realizadas en sus estudios de Tibás, Encinales y Puntarenas en los años 1998 y 1999 _cFabio Herrera; Ulrich Pegels |
||
| 260 |
_aSan José, C.R _bLitografía e Impr. Imperial [S.l.] Ed. de la Colección Pegels-Rojas de Arte Contemporaneo Costarricense _c2000 |
||
| 300 |
_a32 pag _bill. col. _c28 cm |
||
| 600 |
_aFabio Herrera Martinez 1954- _v Catalogo de exhibición _94970 |
||
| 650 |
_aPintura Costarricense _vArte costarricense _94976 |
||
| 700 |
_aFabio Herrera _94940 |
||
| 700 |
_aUlrich Pegels _94956 |
||
| 999 |
_c906 _d906 |
||